| 000 | 00712nam a22002177a 4500 | ||
|---|---|---|---|
| 003 | OSt | ||
| 005 | 20260306025305.0 | ||
| 008 | 260306b |||||||| |||| 00| 0 eng d | ||
| 020 | _a978-621-418-403-3 | ||
| 040 |
_aDWCL-Main lib _cOC |
||
| 082 | _aFil. 302.224 Ob12p 2025 | ||
| 100 | _aObo, Beng R. | ||
| 245 |
_aPurposive communication _cBeng R. Obo |
||
| 260 |
_aQuezon City, Philippines: _bWiseman's Book Trading, Inc., _cc2025. |
||
| 300 |
_aiv, 91 pages: _billustrations; _c23 cm. |
||
| 504 | _aIncludes bibliographical references. | ||
| 650 | _a1. Communication process. | ||
| 650 | _a2. Language art (communication skills) . | ||
| 650 | _a3. Oral communication. | ||
| 942 |
_2ddc _cBK - FIL _kFil. _n0 |
||
| 999 |
_c8665 _d8665 |
||